| 000 | 00652nam a2200205Ii 4500 | ||
|---|---|---|---|
| 001 | 3955 | ||
| 003 | CO-ViMGA | ||
| 008 | 241108s9999||||xx |||||||||||||| ||und|| | ||
| 040 |
_aCO-ViMGA _bspa _erda _cCO-ViMGA |
||
| 041 | 0 | _aspa | |
| 082 | 0 | 4 | _a371.4044 B212d |
| 100 | 1 |
_aMary A Bany _950416 |
|
| 245 | 1 | 0 |
_aLa Dinámica de grupo en la educación: _bLa conducta colectiva en las clases de primeray segunda enseñanza |
| 264 | 1 | _aMadrid, España : Aguilar, 1964 | |
| 300 | _avolumen | ||
| 336 |
_atext _btxt _2rdacontent |
||
| 337 |
_aunmediated _bn _2rdamedia |
||
| 338 |
_avolume _bnc _2rdacarrier |
||
| 940 | _aidficha_siabuc: 3865. -- ficha_no_siabuc:3955 | ||
| 999 |
_c45100 _d45100 |
||